[Event "Villa Guardia D Oro Cup 31st"]
[Site "Villa Guardia"]
[Date "2013.11.03"]
[Round "5"]
[White "Loukili, Ibrahim"]
[Black "Ambrosoli, Nadia Manuela"]
[Result "0-1"]
[WhiteElo "1455"]
[BlackElo "1414"]
[PlyCount "47"]
[EventDate "2013.11.01"]
[EventType "swiss"]
[EventRounds "6"]
[EventCountry "ITA"]
[SourceTitle "EXT 2015"]
[Source "ChessBase"]
[SourceDate "2014.11.20"]
[SourceVersion "1"]
[SourceVersionDate "2014.11.20"]
[SourceQuality "1"]

1. e4 e5 2. Nf3 Nc6 3. Bb5 a6 4. Ba4 Nf6 5. d3 Be7 6. c3 0-0 7. Nbd2 b5 8. Bb3 d5 9. h3 h6 10. Nf1 dxe4 11. dxe4 Qxd1+ 12. Bxd1 Nxe4 13. Be2 Nd6 14. Ng3 Be6 15. 0-0 f5 16. Nh2 Rad8 17. f4 e4 18. Be3 Nc4 19. Bc1 Bc5+ 20. Kh1 Nd2 21. Rf2 Bxf2 22. Bxd2 Rxd2 23. Bd1 Bxg3 24. Nf1 0-1

[Event "Villa Guardia D Oro Cup 31st"]
[Site "Villa Guardia"]
[Date "2013.11.03"]
[Round "6"]
[White "Loukili, Ibrahim"]
[Black "Zerboni, Giuseppe"]
[Result "0-1"]
[WhiteElo "1455"]
[BlackElo "1591"]
[PlyCount "72"]
[EventDate "2013.11.01"]
[EventType "swiss"]
[EventRounds "6"]
[EventCountry "ITA"]
[SourceTitle "EXT 2015"]
[Source "ChessBase"]
[SourceDate "2014.11.20"]
[SourceVersion "1"]
[SourceVersionDate "2014.11.20"]
[SourceQuality "1"]

1. e4 e6 2. Qe2 c5 3. f4 Nc6 4. Nf3 Be7 5. g3 Nf6 6. Bh3 Nb4 7. Qc4 b6 8. d3 d5 9. Qb3 dxe4 10. dxe4 0-0 11. a3 Nc6 12. Qe3 Ba6 13. e5 Nd5 14. Qe4 Qd7 15. c4 Nc7 16. 0-0 Nd4 17. Nxd4 cxd4 18. b3 d3 19. Rd1 Bc5+ 20. Kh1 Nb5 21. Rxd3 Nd4 22. Rc3 Bb7 23. Qxb7 Qxb7+ 24. Bg2 Nc6 25. b4 Bd4 26. b5 Bxc3 27. Nxc3 Rad8 28. bxc6 Qa6 29. Nb5 Rd1+ 30. Bf1 Qa4 31. Kg2 Qc2+ 32. Kf3 Rxf1+ 33. Kg4 Qe2+ 34. Kh4 h5 35. Kh3 Rf2 36. Nc3 Qg4# 0-1

[Event "Villa Guardia D Oro Cup 31st"]
[Site "Villa Guardia"]
[Date "2013.11.01"]
[Round "1"]
[White "Loukili, Ibrahim"]
[Black "Poletto, Daniele"]
[Result "0-1"]
[WhiteElo "1455"]
[BlackElo "1745"]
[PlyCount "102"]
[EventDate "2013.11.01"]
[EventType "swiss"]
[EventRounds "6"]
[EventCountry "ITA"]
[SourceTitle "EXT 2015"]
[Source "ChessBase"]
[SourceDate "2014.11.20"]
[SourceVersion "1"]
[SourceVersionDate "2014.11.20"]
[SourceQuality "1"]

1. e4 c5 2. Nf3 e6 3. d4 cxd4 4. Nxd4 a6 5. Nc3 Qc7 6. Bd3 Nc6 7. Be3 Nf6 8. f3 Ne5 9. 0-0 Nc4 10. Bxc4 Qxc4 11. Qe2 Qxe2 12. Ndxe2 b5 13. e5 Ng8 14. Ng3 d5 15. exd6 Bxd6 16. f4 Nf6 17. Nce4 Nxe4 18. Nxe4 Be7 19. Bc5 Bxc5+ 20. Nxc5 Bd7 21. Rfe1 Rc8 22. b4 Ke7 23. Rac1 a5 24. a3 axb4 25. axb4 Bc6 26. f5 Bd5 27. Re3 g6 28. fxe6 fxe6 29. Rce1 Rc6 30. c3 Ra8 31. Nd3 Rxc3 32. Nc5 Rxe3 33. Rxe3 Ra2 34. Rg3 Rb2 35. Nd3 Rb3 36. Nf4 Rxb4 37. Nxd5+ exd5 38. Rd3 Ke6 39. Rh3 h5 40. Re3+ Re4 41. Rxe4+ dxe4 42. Kf2 Ke5 43. Ke3 b4 44. Kd2 Kd4 45. Kc2 e3 46. Kd1 Kd3 47. g4 b3 48. gxh5 gxh5 49. Kc1 e2 50. h4 Kc3 51. Kb1 e1Q# 0-1

[Event "Villa Guardia D Oro Cup 30th"]
[Site "Villa Guardia"]
[Date "2012.11.04"]
[Round "6"]
[White "Loukili, Ibrahim"]
[Black "Fantina, Carla"]
[Result "0-1"]
[WhiteElo "1467"]
[BlackElo "1485"]
[PlyCount "28"]
[EventDate "2012.11.01"]
[EventType "swiss"]
[EventRounds "6"]
[EventCountry "ITA"]
[SourceTitle "EXT 2014"]
[Source "ChessBase"]
[SourceDate "2013.11.20"]
[SourceVersion "1"]
[SourceVersionDate "2013.11.20"]
[SourceQuality "1"]

1. e4 d6 2. Nf3 Nf6 3. Nc3 g6 4. d4 Bg7 5. Be3 Ng4 6. Qd2 Nxe3 7. Qxe3 0-0 8. 0-0-0 h5 9. d5 c6 10. dxc6 Nxc6 11. Ne2 Qa5 12. Nfd4 Qxa2 13. Qb3 Bh6+ 14. Rd2 Qa1# 0-1

[Event "Villa Guardia D Oro Cup 30th"]
[Site "Villa Guardia"]
[Date "2012.11.01"]
[Round "2"]
[White "Loukili, Ibrahim"]
[Black "Ronconi, Fausto"]
[Result "0-1"]
[WhiteElo "1467"]
[BlackElo "1709"]
[PlyCount "60"]
[EventDate "2012.11.01"]
[EventType "swiss"]
[EventRounds "6"]
[EventCountry "ITA"]
[SourceTitle "EXT 2014"]
[Source "ChessBase"]
[SourceDate "2013.11.20"]
[SourceVersion "1"]
[SourceVersionDate "2013.11.20"]
[SourceQuality "1"]

1. e4 e6 2. Nf3 d5 3. exd5 exd5 4. d4 Nf6 5. Nc3 Be7 6. Ne2 Ne4 7. g3 Bg4 8. Bg2 Nd7 9. 0-0 c6 10. c3 0-0 11. Bf4 Ng5 12. Re1 Nxf3+ 13. Bxf3 Bxf3 14. b3 Nf6 15. Qd3 Be4 16. Qe3 Bd6 17. Nc1 Bxf4 18. Qxf4 Re8 19. f3 Bg6 20. Rxe8+ Qxe8 21. c4 Qe1+ 22. Kg2 Bd3 23. Kh3 Bf1+ 24. Kh4 h6 25. Qxf6 gxf6 26. cxd5 Qd2 27. f4 Qxh2+ 28. Kg4 Bh3+ 29. Kf3 Re8 30. g4 Qg2# 0-1